000 00320nam a22001337a 4500
008 170330b xxu||||| |||| 00| 0 eng d
020 _a9280634828
041 _aeng
080 _a616-053.2
100 _a8
101 _aSHM
245 _aNDIHMA PER FEMIJET PERBALLIMIN STRESEVE TE LUFTES
_cMACKSOUD.M
942 _2udc
_cBK
999 _c9069
_d9069